Normal view
MARC view
- Sujith George
Entry Personal Name
001 - CONTROL NUMBER
- control field: 3783
003 - CONTROL NUMBER IDENTIFIER
- control field: OSt
005 - DATE AND TIME OF LATEST TRANSACTION
- control field: 20181024161510.0
008 - FIXED-LENGTH DATA ELEMENTS
- fixed length control field: 181024|| aca||aabn | a|a d
040 ## - CATALOGING SOURCE
- Original cataloging agency: OSt
- Transcribing agency: OSt
100 ## - HEADING--PERSONAL NAME
- Personal name: Sujith George
670 ## - SOURCE DATA FOUND
- Source citation: Work cat.: (OSt)15282: JYOTHIRAJ C. R 3781, Development and testing of a tree lopping machine as an attachment to the power tiller
